Nutrición de rumiantes: sistemas extensivos / (Record no. 168895)
[ view plain ]
| 000 -CABECERA | |
|---|---|
| campo de control de longitud fija | 00850nam a2200313Ia 4500 |
| 001 - NÚMERO DE CONTROL | |
| campo de control | Z_6119 |
| 003 - IDENTIFICADOR DEL NÚMERO DE CONTROL | |
| campo de control | CHAP |
| 008 - DATOS DE LONGITUD FIJA--INFORMACIÓN GENERAL | |
| campo de control de longitud fija | 220113s2009 xx 000 0 und d |
| 010 ## - NÚMERO DE CONTROL DE LA BIBLIOTECA DEL CONGRESO | |
| Número de control de LC | 168895 |
| 020 ## - NÚMERO INTERNACIONAL ESTÁNDAR DEL LIBRO | |
| Número Internacional Estándar del Libro | 978-607-17-0032-2 |
| 040 ## - FUENTE DE LA CATALOGACIÓN | |
| Centro/agencia transcriptor | CHAP |
| 082 ## - NÚMERO DE LA CLASIFICACIÓN DECIMAL DEWEY | |
| Número de clasificación | 636.20982 R36 2009 |
| 100 ## - ENTRADA PRINCIPAL--NOMBRE DE PERSONA | |
| Nombre de persona | Ramírez Lozano, Roque Gonzalo |
| 9 (RLIN) | 94105 |
| 245 ## - MENCIÓN DE TÍTULO | |
| Título | Nutrición de rumiantes: sistemas extensivos / |
| Mención de responsabilidad, etc. | Roque Gonzalo Ramírez Lozano |
| 250 ## - MENCIÓN DE EDICIÓN | |
| Mención de edición | 2a ed. |
| 260 ## - PUBLICACIÓN, DISTRIBUCIÓN, ETC. | |
| Lugar de publicación, distribución, etc. | México : |
| Nombre del editor, distribuidor, etc. | Trilla, |
| Fecha de publicación, distribución, etc. | 2009 |
| 300 ## - DESCRIPCIÓN FÍSICA | |
| Extensión | 314 p. |
| 503 ## - NOTA DE HISTORIA BIBLIOGRÁFICA (BK CF MU) [OBSOLETO] | |
| Nota de historia bibliográfica | ej.1: C/E |
| 504 ## - NOTA DE BIBLIOGRAFÍA, ETC. | |
| Nota de bibliografía, etc. | Incluye bibliografía e índice |
| 650 ## - PUNTO DE ACCESO ADICIONAL DE MATERIA--TÉRMINO DE MATERIA | |
| Término de materia o nombre geográfico como elemento de entrada | Nutrición animal |
| 9 (RLIN) | 82275 |
| 650 ## - PUNTO DE ACCESO ADICIONAL DE MATERIA--TÉRMINO DE MATERIA | |
| Término de materia o nombre geográfico como elemento de entrada | Rumiantes |
| Subdivisión general | |
| -- | Alimentación y alimentos |
| 9 (RLIN) | 139947 |
| 650 ## - PUNTO DE ACCESO ADICIONAL DE MATERIA--TÉRMINO DE MATERIA | |
| Término de materia o nombre geográfico como elemento de entrada | Rumiantes |
| Subdivisión general | Nutrición |
| 9 (RLIN) | 100847 |
| 901 ## - ELEMENTOS DE DATOS A LOCAL LDA (RLIN) | |
| a | 636.20982 R36 2009 |
| 902 ## - ELEMENTOS DE DATOS B LOCAL, LDB (RLIN) | |
| a | A |
| 910 ## - DATOS DE OPCIÓN DEL USUARIO (OCLC) | |
| Datos de opción del usuario | 2009 |
| 942 ## - ELEMENTOS DE PUNTO DE ACCESO ADICIONAL (KOHA) | |
| Tipo de ítem Koha | Libro_ |
| 942 ## - ELEMENTOS DE PUNTO DE ACCESO ADICIONAL (KOHA) | |
| Tipo de ítem Koha | |
| Estado de retiro | Estado de pérdida | Fuente del sistema de clasificación o colocación | Estado dañado | No para préstamo | Código de colección | Localización permanente | Ubicación/localización actual | Ubicación en estantería | Fecha de adquisición | Total de préstamos | Código de barras | Fecha visto por última vez | Fecha del último préstamo | Número de copia | Precio válido a partir de | Tipo de ítem Koha | Renovaciones totales | Restricciones de uso | Signatura topográfica completa |
|---|---|---|---|---|---|---|---|---|---|---|---|---|---|---|---|---|---|---|---|
| Dewey Decimal Classification | General | Biblioteca Central | Biblioteca Central | Planta principal - Colección General | 19/07/2022 | 5 | 33724002567264 | 24/10/2024 | 23/09/2024 | 19/07/2022 | Libro | 5 | Préstamo 15 días | 636.2 R7 2009 | |||||
| Dewey Decimal Classification | General | Biblioteca Central | Biblioteca Central | Planta principal - Colección General | 12/04/2023 | 3 | 33724002573040 | 09/10/2024 | 04/09/2024 | c.3 | 12/04/2023 | Libro | 3 | Préstamo 15 días | 636.2 R7 2009 | ||||
| Dewey Decimal Classification | General | Biblioteca Central | Biblioteca Central | Planta principal - Colección General | 12/04/2023 | 2 | 33724002573009 | 24/09/2024 | 26/08/2024 | c.2 | 12/04/2023 | Libro | Préstamo 15 días | 636.2 R7 2009 | |||||
| Dewey Decimal Classification | General | Zootecnia | Zootecnia | 28/02/2012 | 3 | z_2679 | 08/09/2025 | 08/09/2025 | 1 | 18/01/2022 | Libro | ||||||||
| Dewey Decimal Classification | General | Zootecnia | Zootecnia | 29/10/2012 | 2 | z_5923 | 06/06/2024 | 23/05/2024 | 2 | 18/01/2022 | Libro | 2 | |||||||
| Dewey Decimal Classification | General | Zootecnia | Zootecnia | 29/10/2012 | z_5924 | 18/01/2022 | 3 | 18/01/2022 | Libro | ||||||||||
| Dewey Decimal Classification | General | Zootecnia | Zootecnia | 29/10/2012 | 2 | z_5925 | 04/03/2024 | 04/03/2024 | 4 | 18/01/2022 | Libro | ||||||||
| Dewey Decimal Classification | General | Zootecnia | Zootecnia | 29/10/2012 | 7 | z_5926 | 02/02/2026 | 02/02/2026 | 5 | 18/01/2022 | Libro | 5 |
